|
|
|
|
| LEADER |
00000nab a2200000 a 4500 |
| 001 |
vtls009169237 |
| 003 |
SK-MaSNL |
| 005 |
20260426085608.0 |
| 008 |
250507c2007 xo qr|p|||||||000 b|slo |
| 015 |
|
|
|a SNBRB2007/12
|2 snkbucl
|
| 035 |
|
|
|a (uuid)47a1b838-74e8-4f0e-a429-9a0dc664b25d
|
| 035 |
|
|
|a urn:nbn:sk:snk-ab9po4
|
| 035 |
|
|
|a (urnnbn)urn:nbn:sk:snk:ar-a08nza
|
| 038 |
|
|
|a SNKBUCL
|
| 040 |
|
|
|a SNKBUCL
|b slo
|c SNKBUCL
|e AACR2
|
| 041 |
0 |
|
|a slo
|b eng
|
| 044 |
|
|
|a xo
|c SK
|
| 080 |
|
|
|a 658.11:615.83:003.6
|x (437.6)
|2 2001
|
| 080 |
|
|
|a 615.83
|x (437.6)
|2 2001
|
| 080 |
|
|
|a 003.6
|x (437.6)
|2 2001
|
| 100 |
1 |
|
|a Eliašová, Darina,
|d 1950-
|4 aut
|9 14373
|
| 245 |
1 |
0 |
|a Symbolika a jej uplatnenie v slovenských prírodných liečebných kúpeľoch
|c Darina Eliašová
|
| 246 |
3 |
1 |
|a The use of symbology in Slovak health resorts
|
| 300 |
|
|
|b Tab.
|
| 504 |
|
|
|a Bibliogr. odkazy
|
| 546 |
|
|
|a Súbežný názov angl. ; res. angl.
|
| 650 |
0 |
7 |
|a liečebné kúpele
|2 snkbucl
|9 1032202
|
| 650 |
0 |
7 |
|a kúpeľné podniky
|2 snkbucl
|9 1483466
|
| 650 |
0 |
7 |
|a symbolika
|2 snkbucl
|9 56882
|
| 650 |
0 |
7 |
|a symboly
|2 snkbucl
|9 27266
|
| 651 |
|
7 |
|a Slovensko
|2 snkbucl
|9 14231
|
| 773 |
0 |
|
|t Ekonomická revue cestovného ruchu
|g Roč. 40, č. 4 (2007), s. 232-242
|x 0139-8660
|
| 850 |
|
|
|a Slovenská národná knižnica
|
| 852 |
|
|
|a Slovenská národná knižnica
|
| 954 |
|
|
|a odborná, vedecká literatúra pôvodná (slovenská)
|2 lita
|
| 958 |
|
|
|a article13
|
| 958 |
|
|
|a OND
|
| 958 |
|
|
|a NB
|
| 958 |
|
|
|a SK
|
| 958 |
|
|
|a EUIPO
|
| 999 |
|
|
|c 2967895
|d 2969825
|